000 00464nam a2200145Ia 4500
008 090124s9999 xx 000 0 und d
082 _b305118
245 _a पत्ता विसरलेला माणूस
250 _a1
260 _bसाने मेघना
_c2004
300 _a62
630 _a पत्ता विसरलेला माणूस
730 _a पत्ता विसरलेला माणूस
942 _cBOOK
999 _c195074
_d195074